| 000 | 00520nam a2200181 a 4500 | ||
|---|---|---|---|
| 005 | 20210223123237.0 | ||
| 008 | 991125s1970 es 000 0 spa u | ||
| 035 | _aUPN01000050078 | ||
| 049 | _aI | ||
| 050 | 4 |
_aTT174.5 P3 _bB4.6 |
|
| 100 | 1 |
_aBenet Roque, Amelia _935609 |
|
| 245 | 1 | 0 |
_aQué es el papel / _cAmelia Benet ; il. C. Solé Vendrell. |
| 260 |
_aBarcelona, Esp. : _bTeide, _c[1970?]. |
||
| 300 |
_a[15] p. : _bil. |
||
| 440 | 0 | _aTe diré | |
| 650 | 4 |
_aPAPEL - _vLITERATURA JUVENIL _920173 |
|
| 905 | _aInfantil | ||
| 999 |
_c50078 _d50078 |
||